Normal view MARC view

Entry Personal Name

Number of records used in: 1

001 - CONTROL NUMBER

  • control field: 18308

003 - CONTROL NUMBER IDENTIFIER

  • control field: OSt

005 - DATE AND TIME OF LATEST TRANSACTION

  • control field: 20240628105802.0

008 - FIXED-LENGTH DATA ELEMENTS

  • fixed length control field: 240628|| aca||aabn | a|a d

040 ## - CATALOGING SOURCE

  • Original cataloging agency: OSt
  • Transcribing agency: OSt

100 ## - HEADING--PERSONAL NAME

  • Personal name: Adams, Andrew,
  • Titles and other words associated with a name: M.S.c., A.I.A

670 ## - SOURCE DATA FOUND

  • Source citation: Work cat.: (OSt)9008: Adams, Andrew, M.S.c., A.I.A., Investment /, 1989.